000 00730nam a2200217 a 4500
001 000028193
003 DO-SdBNP
005 20230315102642.0
007 ta
008 110407s2010 dr 000 | spa d
020 _a9789945163797
040 _aDO-SdBNP
_bspa
_cBNPHU
082 _axxxx
_bC749m
_222
111 2 _aCongreso José Francisco Peña Gómez
_n(1 :
_d2010 oct. :
_cSanto Domingo )
_955195
245 1 0 _aMemorias del Primer Congreso Nacional :
_bJosé Francisco Peña Gómez por la unidad y la renovación. Conclusiones y resoluciones.
260 _aSanto Domingo :
_bPartido Revolucionario Dominicano,
_c2010.
300 _a87 p. ;
_c22 cm.
590 _aInventariado, 2023 / DG
910 _aDG
942 _2ddc
_cLBS1
999 _c27685
_d27685